banner koha

Nutricao vegetal [fertilizante fosfatado, soja, Glycine max] (Registro n. 310913)

MARC details
000 -LÍDER
campo de controle de tamanho fixo 01332naa a22003377a 4500
001 - NÚMERO DE CONTROLE
campo de controle BR7903153
003 - IDENTIFICADOR DO NÚMERO DE CONTROLE
campo de controle BR-BrBNA
005 - DATA E HORÁRIO DA ÚLTIMA TRANSAÇÃO
campo de controle 20240918174403.0
007 - CAMPO FIXO DE DESCRIÇÃO FÍSICA--INFORMAÇÃO GERAL
campo de controle de tamanho fixo ta
008 - CAMPO DE DADOS FIXOS--INFORMAÇÃO GERAL
campo de controle de tamanho fixo 230509b bl.||||| |||| 00| 0 por d
040 ## - FONTE DA CATALOGAÇÃO
Instituição da catalogação original BR-BrBNA
Idioma da catalogação por
Instituição que transcreveu o registro Biblioteca Nacional de Agricultura
041 ## - CÓDIGO DE IDIOMA
Código do idioma do texto/trilha sonora ou título diferente (Pt)
072 ## - CÓDIGO DE CATEGORIA DE ASSUNTO
Código de Categoria de Assunto F60; F25
Código do objeto 0336
-- 3830
090 ## - NÚMERO DE CHAMADA LOCAL
Número de chamada F60 BR7903153
100 1# - ENTRADA PRINCIPAL--NOME PESSOAL
Nome pessoal Cordeiro, D.S.
100 1# - ENTRADA PRINCIPAL--NOME PESSOAL
Nome pessoal Sfredo, G.J.
100 1# - ENTRADA PRINCIPAL--NOME PESSOAL
Nome pessoal Borkert, C.M.
100 1# - ENTRADA PRINCIPAL--NOME PESSOAL
Nome pessoal Campo, R.J.
111 1# - ENTRADA PRINCIPAL--NOME DO EVENTO
Nome do evento ou lugar 3. Reuniao de Pesquisa de Soja da Regiao Centro; 7. Reuniao de Pesquisa de Soja da Regiao Sul; 3. Reuniao de Pesquisa de Soja das Regioes Norte e Nordeste
Local do evento Dourados, MS (Brazil); Porto Alegre, RS (Brazil); Sao Luis, MA (Brazil)
Data do evento ou assinatura do tratado 3 Jul 1979; 30 Jul 1979; 14 Aug 1979
245 1# - TÍTULO
Título Nutricao vegetal [fertilizante fosfatado, soja, Glycine max]
260 3# - PUBLICAÇÃO, DISTRIBUIÇÃO, ETC.
Local de publicação, distribuição, etc. Londrina, PR (Brasil):
Data da publicação, distribuição, etc. 1979.
500 ## - NOTA GERAL
Nota geral Resultados de pesquisa de soja 1978/79<br/>Londrina, PR (Brasil): 1979. p. 138-164<br/>(BR7903153-AM)F60<br/>
650 ## - ASSUNTO--TERMO TÓPICO
Cabeçalho tópico ou nome geográfico FISIOLOGIA VEGETAL
650 ## - ASSUNTO--TERMO TÓPICO
Cabeçalho tópico ou nome geográfico FERTILIDADE DO SOLO
650 ## - ASSUNTO--TERMO TÓPICO
Cabeçalho tópico ou nome geográfico SOJA
650 ## - ASSUNTO--TERMO TÓPICO
Cabeçalho tópico ou nome geográfico FERTILIZANTE FOSFATADO
650 ## - ASSUNTO--TERMO TÓPICO
Cabeçalho tópico ou nome geográfico NUTRICAO VEGETAL
773 0# - ENTRADA ANALÍTICA
Título Resultados de pesquisa de soja 1978/79
Número de controle do registro F60 BR7903153
Partes relacionadas Londrina, PR (Brasil), 1979. p. 138-164
909 ## -
-- 202404
-- Lucia
-- 55
-- Lucia Elande
942 ## - ELEMENTOS DE ENTRADA ADICIONADOS (KOHA)
Tipo de material Koha Capítulo-Livro
Fonte da classificação ou esquema de arquivamento na estante Classificação AGRIS
Exemplares
Situação do descarte Fonte da classificação ou esquema de arquivamento na estante Situação física Não pode ser emprestado Coleção Biblioteca de origem Biblioteca atual Localização na estante Total de empréstimos Número de telefone completo Data de último acesso Número do exemplar Tipo de material Koha Situação das perdas Data de aquisição Fonte de aquisição
  Classificação AGRIS       Biblioteca Nacional de Agricultura - Binagri Biblioteca Nacional de Agricultura - Binagri Agrobase - Acervo Geral   0336 BR9602654 20/05/2024 01 Capítulo-Livro   2024-04-11 Portaria Interministerial nº 164/94

BINAGRI

Telefone: (61)3218-2567/2388/3357/2097 - binagri@agro.gov.br

Ministério da Agricultura e Pecuária , Esplanada dos Ministérios, Bloco D, Anexo B, Brasília/DF, CEP: 70.043-900